00414nam a2200145 a 450000100060000000300090000600800410001504000280005608200180008410000210010224500480012326000520017130000080022365000370023113543CO-ViMGA141112s2004 ck r 000 u spa d aCO-ViMGAbspacCO-ViMGA04a986.603 F194i1 aFazio F, Mariano10aIdeologia de la emancipacion Guayaquileña aGuayaquil : bBanco Central del Ecuador, c1987 a16814aECUADOR - HISTORIA - 1812 - 1822